Catàleg del Col·legi de Periodistes de Catalunya

Recomanacions per un periodisme no sexista i el tractament de la violència masclista [Recurs electrònic] (Registre núm. 7968)

000 -CABECERA
Longitud fija campo de control 00992nam a2200205 a 4500
003 - IDENTIFICADOR DEL NÚMERO DE CONTROL
Identificador del número de control OSt
005 - FECHA Y HORA DE LA ÚLTIMA TRANSACCIÓN
Fecha y hora de la última transacción 20241118131039.0
008 - CÓDIGOS DE INFORMACIÓN DE LONGITUD FIJA
Códigos de información de longitud fija 130130s2009||||||||||||||||||||||||||||d
040 ## - FUENTE DE LA CATALOGACIÓN
Centro catalogador de origen CDMR
Lengua de catalogación cat
Centro transcriptor CDMR
110 ## - PUNTO DE ACCESO PRINCIPAL-NOMBRE DE ENTIDAD CORPORATIVA
9 (RLIN) 4391
Nombre de entidad corporativa o nombre de jurisdicción como elemento inicial Consell de la Informació de Catalunya
245 #0 - MENCIÓN DE TÍTULO
Título Recomanacions per un periodisme no sexista i el tractament de la violència masclista [Recurs electrònic]
Mención de responsabilidad, etc. / Consell de la Informació de Catalunya ; [col·labora: Col·legi de Periodistes de Catalunya, Associació de Dones Periodistes de Catalunya]
260 ## - PUBLICACIÓN, DISTRIBUCIÓN, ETC. (PIE DE IMPRENTA)
Lugar de publicación, distribución, etc. [Barcelona]
Nombre del editor, distribuidor, etc. : Fundació CIC
Fecha de publicación, distribución, etc. , 2020
300 ## - DESCRIPCIÓN FÍSICA
Extensión 1 recurs electrònic (6 pàgines)
650 #0 - PUNTO DE ACCESO ADICIONAL DE MATERIA - TÉRMINO DE MATERIA
9 (RLIN) 3818
Término de materia o nombre geográfico como elemento inicial Mitjans de comunicació de massa i dones
650 #0 - PUNTO DE ACCESO ADICIONAL DE MATERIA - TÉRMINO DE MATERIA
9 (RLIN) 4838
Término de materia o nombre geográfico como elemento inicial Violència envers les dones en els mitjans de comunicació de massa
650 #0 - PUNTO DE ACCESO ADICIONAL DE MATERIA - TÉRMINO DE MATERIA
9 (RLIN) 983
Término de materia o nombre geográfico como elemento inicial Ètica periodística
710 2# - PUNTO DE ACCESO ADICIONAL - NOMBRE DE ENTIDAD
9 (RLIN) 855
Nombre de entidad o nombre de jurisdicción como elemento inicial Associació de Dones Periodistes de Catalunya
856 ## - LOCALIZACIÓN Y ACCESO ELECTRÓNICO
Identificador Uniforme del Recurso (URI) <a href="https://omeka.periodistes.cat/items/show/643">https://omeka.periodistes.cat/items/show/643</a>
Nota pública Accessible en línia
942 ## - ENTRADA DE ELEMENTOS AGREGADOS (KOHA)
Koha [por defecto] tipo de item Recursos en línia
Fuente de clasificaión o esquema
Fons
Suprimido Perdido Estropeado No para pr&eacute;stamo Localizaci&oacute;n permanente Localizaci&oacute;n actual Fecha adquisici&oacute;n Pr&eacute;stamos totales Signatura completa Fecha &uacute;ltima consulta Fecha del precio de reemplazo Tipo de item de Koha
        Centre de Documentació Montserrat Roig Centre de Documentació Montserrat Roig 2024-11-18   Disponible en línia 2024-11-18 2024-11-18 Recursos en línia

Implantat amb Koha